书目信息 |
| 题名: |
企业外包手册
|
|
| 作者: | 布朗 , 威尔森 著 ;果东 , 夏翔 , 逸文 译 | |
| 分册: | ||
| 出版信息: | 北京 中国财政经济出版社 2007 |
|
| 页数: | 327页 | |
| 开本: | 26cm | |
| 丛书名: | ||
| 单 册: | ||
| 中图分类: | F272.3-62 | |
| 科图分类: | ||
| 主题词: | 企业管理--qi ye guan li--经营决策--手册 | |
| 电子资源: | ||
| ISBN: | 978-7-5005-9942-5 | |
| 000 | 01241nam0 2200313 450 | |
| 001 | 003682078 | |
| 005 | 20080910111129.84 | |
| 010 | @a978-7-5005-9942-5@dCNY53.00 | |
| 100 | @a20080102d2007 em y0chiy0110 ea | |
| 101 | 1 | @achi@ceng |
| 102 | @aCN@b110000 | |
| 105 | @ay z 000yy | |
| 200 | 1 | @a企业外包手册@Aqi ye wai bao shou ce@f(美) 道格拉斯·布朗(Douglas Brown), (美) 斯考特·威尔森(Scott Wilson)著@g逸文, 果东, 夏翔译 |
| 210 | @a北京@c中国财政经济出版社@d2007 | |
| 215 | @a327页@d26cm | |
| 300 | @a国外工商管理优秀系列教材 | |
| 312 | @a本书英文并列题名为:The black book of outsourcing | |
| 330 | @a本书对外包的利与弊、外包的实际应用及对外包进行有效管理的方法进行了精辟分析。书中向企业管理人员和其他有关员工展示了应该如何有效评估外包成本和绩效,如何成功完成企业生产活动等多方面知识。 | |
| 510 | 1 | @aBlack book of outsourcing@zeng |
| 606 | 0 | @a企业管理@Aqi ye guan li@x经营决策@j手册 |
| 690 | @aF272.3-62@v4 | |
| 701 | 1 | @c(美)@a布朗@Abu lang@bD.@g(Brown, Douglas)@4著 |
| 701 | 1 | @c(美)@a威尔森@Awei er sen@bS.@g(Wilson, Scott)@4著 |
| 702 | 0 | @a果东@Aguo dong@4译 |
| 702 | 0 | @a夏翔@Axia xiang@4译 |
| 702 | 0 | @a逸文@Ayi wen@4译 |
| 801 | 0 | @aCN@bNLC@c20080910 |
| 905 | @aZUCC@dF272.3-62@eD192 | |
| 999 | @aCYP | |
| 企业外包手册/(美) 道格拉斯·布朗(Douglas Brown), (美) 斯考特·威尔森(Scott Wilson)著/逸文, 果东, 夏翔译.-北京:中国财政经济出版社,2007 |
| 327页;26cm |
| 国外工商管理优秀系列教材 |
| ISBN 978-7-5005-9942-5:CNY53.00 |
| 本书对外包的利与弊、外包的实际应用及对外包进行有效管理的方法进行了精辟分析。书中向企业管理人员和其他有关员工展示了应该如何有效评估外包成本和绩效,如何成功完成企业生产活动等多方面知识。 |
| ● |
| 相关链接 |
|
|
|
正题名:企业外包手册
索取号:F272.3-62/D192
 
预约/预借
| 序号 | 登录号 | 条形码 | 馆藏地/架位号 | 状态 | 备注 |
| 1 | 677704 | 206777040 | 社科库409/409社科库 88排1列3层/ [索取号:F272.3-62/D192] | 在馆 | |
| 2 | 677705 | 206777059 | 社科库409/409社科库 88排1列3层/ [索取号:F272.3-62/D192] | 在馆 | |
| 3 | 677706 | 206777068 | 社科库409/400B社科库 10排3列2层/ [索取号:F272.3-62/D192] | 在馆 |